| 000 | 00610cam a2200205 a 4500 | ||
|---|---|---|---|
| 001 | 000018213 | ||
| 005 | 20200929165414.0 | ||
| 008 | 780809s1926 fr 000 f fre d | ||
| 040 |
_aDO-SdBNP _cAU _dAU _dOCoLC _dDLC _dBNPHU |
||
| 042 | _apremarc | ||
| 082 |
_a843.912 _bB517s |
||
| 100 | 1 |
_aBernanos, Georges, _d1888-1948. _99890 |
|
| 245 | 1 | 0 |
_aSous le soleil de Satan / _cGeorges Bernanos. |
| 260 |
_aParÃs : _bPlon-Nourrit, _c1926. |
||
| 300 |
_a363 p. ; _c19 cm. |
||
| 650 | 4 |
_aNovela francesa _91075 |
|
| 650 | 4 |
_aLiteratura francesa _ySIGLO XX _94232 |
|
| 910 | _aCatalogación derivada | ||
| 049 | _aBNGR | ||
| 999 |
_c17734 _d17734 |
||